Pays - VINCI Airports - Statistiques

Statistiques générales
  • Ce quiz a été pris 11 fois
  • Le résultat moyen est 6 sur 14
Statistiques - réponses
Hint Pays % Correct
Europe France
82%
Amérique du Sud Brésil
73%
Amérique du Nord États-Unis
73%
Asie Japon
64%
Amérique du Nord Mexique
64%
Europe Portugal
55%
Amérique du Sud Chili
45%
Afrique Cap-Vert
27%
Amérique Centrale Costa Rica
27%
Europe Hongrie
27%
Europe Royaume-Uni
27%
Europe Serbie
27%
Asie Cambodge
18%
Amérique Centrale République Dominicaine
9%
Aucun quiz correspondant
Distribution des résultats
% des personnes avec chaque résultat
Percentile par nombre de réponses
Votre historique - résultats
Vous n’avez pas pris ce quiz